00756nam a22002297a 4500003000500000005001700005008004100022010000900063011000900072035000900081040000900090100003700099245011400136260004000250300000900290502007500299650003600374650002900410650002800439650002300467700003600490CHAP20220329133506.0971013s1993 r 00010 d a7014 a7986 a7211 cCHAP00aCarrillo Lara, Lorenzo Martín. aValor nutritivo del sorgo blanco (variedad "Blanco 86") sin taninos en la alimentación de pollos de engorda aChapingo, Méx. :bEl autor,c1993 a59 h aTesis (Ing. Agr. Esp. en Zootecnia) -- UACH. Departamento de Zootecnia14aAves de corralxAlimentación.14aAves de corralxEngorda.14aSorgoxValor nutritivo.14aSorgoxVariedades.0 aAndrade Acosta, Jose Guadalupe.